000 00324nam a22001457a 4500
008 221109b ||||| |||| 00| 0 eng d
020 _a2740216169525
041 _aeng
080 _2sixth edition
_a004
082 _a004 OWE
100 _a18
101 _aSHK
245 _aLANGUAGE DISORDERS
_cOWENS R
942 _2udc
_cBK
999 _c58808
_d58808